Introductory quantum mechanics (Record no. 476)

MARC details
000 -LEADER
Fixed length control field 00419nam a22001697a 4500
003 - CONTROL NUMBER IDENTIFIER
Control field SEACOMMC
005 - DATE AND TIME OF LATEST TRANSACTION
Control field 20231114071818.0
008 - FIXED-LENGTH DATA ELEMENTS--GENERAL INFORMATION
Fixed length control field 231114b |||||||| |||| 00| 0 eng d
020 ## - INTERNATIONAL STANDARD BOOK NUMBER / ISBN
Price Rs. 140.00
040 ## - CATALOGING SOURCE
Original cataloging agency SEACOMMC
082 ## - DEWEY DECIMAL CLASSIFICATION NUMBER
Classification number 530.12
Book Number GHO
100 1# - MAIN ENTRY--PERSONAL NAME
Personal name Ghosal, S.N.
245 1# - TITLE STATEMENT
Title Introductory quantum mechanics
Statement of responsibility S.N. Ghosal
260 ## - IMPRINT
Place of publication Kolkata
Name of publisher Calcutta Book House
Date of publication 2006
650 ## - SUBJECT ADDED ENTRY--TOPICAL TERM
Topical term Physics
942 ## - ADDED ENTRY ELEMENTS (KOHA)
Koha item type Books
Holdings
Withdrawn status Lost status Source of classification Damaged status Not for loan Home library Current library Date acquired Total Checkouts Call number Accession number Date last seen Price effective from Koha item type
    Dewey Decimal Classification     SEACOM MANAGEMENT COLLEGE SEACOM MANAGEMENT COLLEGE 06/03/2007   530.12 GHO 06238 14/11/2023 14/11/2023 Books
    Dewey Decimal Classification     SEACOM MANAGEMENT COLLEGE SEACOM MANAGEMENT COLLEGE 06/03/2007   530.12 GHO 06239 14/11/2023 14/11/2023 Books
    Dewey Decimal Classification     SEACOM MANAGEMENT COLLEGE SEACOM MANAGEMENT COLLEGE 06/03/2007   530.12 GHO 06240 14/11/2023 14/11/2023 Books
    Dewey Decimal Classification     SEACOM MANAGEMENT COLLEGE SEACOM MANAGEMENT COLLEGE 06/03/2007   530.12 GHO 06241 14/11/2023 14/11/2023 Books
    Dewey Decimal Classification     SEACOM MANAGEMENT COLLEGE SEACOM MANAGEMENT COLLEGE 06/03/2007   530.12 GHO 06242 14/11/2023 14/11/2023 Books
    Dewey Decimal Classification     SEACOM MANAGEMENT COLLEGE SEACOM MANAGEMENT COLLEGE 06/03/2007   530.12 GHO 06243 14/11/2023 14/11/2023 Books
    Dewey Decimal Classification     SEACOM MANAGEMENT COLLEGE SEACOM MANAGEMENT COLLEGE 06/03/2007   530.12 GHO 06244 14/11/2023 14/11/2023 Books
    Dewey Decimal Classification     SEACOM MANAGEMENT COLLEGE SEACOM MANAGEMENT COLLEGE 06/03/2007   530.12 GHO 06245 14/11/2023 14/11/2023 Books
    Dewey Decimal Classification     SEACOM MANAGEMENT COLLEGE SEACOM MANAGEMENT COLLEGE 06/03/2007   530.12 GHO 06246 14/11/2023 14/11/2023 Books
    Dewey Decimal Classification     SEACOM MANAGEMENT COLLEGE SEACOM MANAGEMENT COLLEGE 06/03/2007   530.12 GHO 06247 14/11/2023 14/11/2023 Books
© Seacom Engineering College, All rights reserved.    Powered by Koha